| 000 | 00672nam a2200205 4500 | ||
|---|---|---|---|
| 001 | 116233 | ||
| 003 | ES-MaACL | ||
| 007 | t| | ||
| 008 | 061121s1984 sp r ||||1| spa d | ||
| 100 | 1 |
_aParker, Geoffrey. _989177 |
|
| 245 | 1 | 0 |
_aFelipe II / _cGeoffrey Parker ; [traductor Ricardo de la Huerta Ozores]. |
| 250 | _a[3ª ed.]. | ||
| 260 |
_aMadrid : _bAlianza, _c1984. |
||
| 300 |
_a266 p. ; _c18 cm. |
||
| 490 | 1 |
_aEl libro de bolsillo. Sección humanidades ; _v1024 |
|
| 700 | 1 |
_aHuerta Ozores, Ricardo de la. _964566 |
|
| 830 | 0 | 3 |
_aEl libro de bolsillo. _pHumanidades _v1024 _9178672 |
| 852 |
_aES-MaACL _jL-7173 _bR.107810 |
||
| 999 |
_c116233 _d116233 |
||